[Event "IECC CL6-2017.06 email"]
[Site "IECC email"]
[Date "2018.01.02"]
[Round "?"]
[White "Van Boven, Maarten Willem"]
[Black "Komine, Koki"]
[Result "1-0"]
[WhiteElo "1121"]
[BlackElo "1240"]
[PlyCount "51"]
[EventDate "2018.??.??"]
[EventType "tourn (corr)"]
[EventRounds "4"]
[SourceTitle "Corr 2020"]
[Source "ChessBase"]
[SourceDate "2019.09.30"]
[SourceVersion "1"]
[SourceVersionDate "2019.09.30"]
[SourceQuality "1"]
[WhiteTeam "Netherlands"]
[BlackTeam "Japan"]
[WhiteTeamCountry "NED"]
[BlackTeamCountry "JPN"]

1. e4 c5 2. Nf3 e6 3. d4 cxd4 4. Nxd4 a6 5. Nc3 b5 6. Bd3 Bb7 7. 0-0 Nc6 8. Re1 Nxd4 9. e5 g6 10. a4 b4 11. Ne4 Nf5 12. Bf4 a5 13. g4 Ng7 14. Bg5 Qc7 15. Bb5 Bxe4 16. Rxe4 Ne7 17. Rd4 Nd5 18. Bf6 Rg8 19. c4 bxc3 20. bxc3 Be7 21. c4 Nb6 22. Qf3 Ra7 23. Rad1 h5 24. Qe3 hxg4 25. Rxd7 Nxd7 26. Rxd7 1-0

[Event "IECC Swiss-569.4"]
[Site "IECC email"]
[Date "2015.01.14"]
[Round "?"]
[White "Komine, Koki"]
[Black "Basson, Heinrich"]
[Result "0-1"]
[WhiteElo "1240"]
[BlackElo "1680"]
[PlyCount "26"]
[EventDate "2015.??.??"]
[EventType "swiss (corr)"]
[EventRounds "1"]
[SourceTitle "Corr 2020"]
[Source "ChessBase"]
[SourceDate "2019.09.30"]
[SourceVersion "1"]
[SourceVersionDate "2019.09.30"]
[SourceQuality "1"]
[WhiteTeam "Japan"]
[BlackTeam "South Africa"]
[WhiteTeamCountry "JPN"]
[BlackTeamCountry "RSA"]

1. e4 d5 2. exd5 Qxd5 3. Nc3 Qa5 4. Nf3 Nf6 5. Be2 c6 6. 0-0 Bg4 7. d3 e6 8. Bd2 Nbd7 9. h3 Bf5 10. Ne4 Qc7 11. Ng3 Bg6 12. Nh4 Bc5 13. c3 Qxg3 0-1

[Event "IECC Swiss-569.3"]
[Site "IECC email"]
[Date "2014.07.01"]
[Round "?"]
[White "Komine, Koki"]
[Black "Smith, Joshua Curtis"]
[Result "0-1"]
[WhiteElo "1264"]
[BlackElo "1093"]
[PlyCount "64"]
[EventDate "2014.??.??"]
[EventType "swiss (corr)"]
[EventRounds "1"]
[SourceTitle "Corr 2020"]
[Source "ChessBase"]
[SourceDate "2019.09.30"]
[SourceVersion "1"]
[SourceVersionDate "2019.09.30"]
[SourceQuality "1"]
[WhiteTeam "Japan"]
[BlackTeam "United States"]
[WhiteTeamCountry "JPN"]
[BlackTeamCountry "USA"]

1. d4 Nf6 2. Nc3 d5 3. e3 e6 4. Nf3 Be7 5. Be2 0-0 6. 0-0 c5 7. a3 b6 8. b3 Bb7 9. Bb2 cxd4 10. Nxd4 Nbd7 11. Re1 Nc5 12. Bf1 Rc8 13. Nce2 a6 14. Ng3 Bd6 15. c4 dxc4 16. Bxc4 Bxg3 17. hxg3 b5 18. Bf1 Nfe4 19. Rc1 e5 20. Nf3 Qxd1 21. Rexd1 f6 22. b4 Na4 23. Ba1 Nac3 24. Re1 Kf7 25. Bb2 Rfd8 26. Rc2 Nd1 27. Rce2 h5 28. Nh2 Ndxf2 29. Rxf2 Nxf2 30. Kxf2 Rd2+ 31. Re2 Rxe2+ 32. Bxe2 Rc2 0-1

[Event "IECC Swiss-559.1"]
[Site "IECC email"]
[Date "2011.11.18"]
[Round "?"]
[White "Hargreaves, John Richard"]
[Black "Komine, Koki"]
[Result "1-0"]
[WhiteElo "1609"]
[BlackElo "1264"]
[PlyCount "49"]
[EventDate "2011.??.??"]
[EventType "swiss (corr)"]
[EventRounds "1"]
[SourceTitle "Telechess CBM 165"]
[Source "ChessBase"]
[SourceDate "2015.03.11"]
[SourceVersion "1"]
[SourceVersionDate "2015.03.11"]
[SourceQuality "1"]
[WhiteTeam "England"]
[BlackTeam "Japan"]
[WhiteTeamCountry "ENG"]
[BlackTeamCountry "JPN"]

1. c4 e5 2. Nc3 Nf6 3. g3 d5 4. cxd5 Nxd5 5. Bg2 Nb6 6. Nf3 Nc6 7. a3 Be7 8. d3 Be6 9. 0-0 Qd7 10. Ng5 Bxg5 11. Bxg5 f6 12. Bd2 0-0-0 13. Ne4 Bd5 14. Rc1 Kb8 15. f4 f5 16. Nc5 Qd6 17. Bxd5 Nxd5 18. fxe5 Nxe5 19. Rxf5 g6 20. Qb3 Nb6 21. Rf2 h5 22. Bf4 Qd4 23. Ne6 Qd5 24. Qxd5 Rxd5 25. Nxc7 1-0

[Event "Swiss-548.2.07"]
[Site "IECC email"]
[Date "2010.06.11"]
[Round "?"]
[White "Komine, Koki"]
[Black "Lewen, Geoffrey David"]
[Result "0-1"]
[WhiteElo "1259"]
[BlackElo "1543"]
[PlyCount "54"]
[EventDate "2010.??.??"]
[EventType "tourn (corr)"]
[SourceTitle "Telechess CBM 149"]
[Source "ChessBase"]
[SourceDate "2012.07.17"]
[SourceVersion "1"]
[SourceVersionDate "2012.07.17"]
[SourceQuality "1"]
[WhiteTeam "Japan"]
[BlackTeam "US of America"]
[WhiteTeamCountry "JPN"]
[BlackTeamCountry "USA"]

1. e4 d6 2. d4 Nf6 3. Nc3 c6 4. f4 Qa5 5. Bd3 e5 6. Nf3 exd4 7. Nxd4 g6 8. 0-0 Bg7 9. Nf3 0-0 10. Be3 Ng4 11. Qd2 Nxe3 12. Qxe3 Qb6 13. Qxb6 axb6 14. e5 dxe5 15. fxe5 Nd7 16. Rae1 Ra5 17. e6 fxe6 18. Rxe6 Ne5 19. Re7 Bf6 20. Rc7 Nxd3 21. cxd3 Ra8 22. Nd2 Bd4+ 23. Kh1 Rxf1+ 24. Nxf1 Bf6 25. Na4 Bf5 26. b3 Bxd3 27. Ng3 Re8 0-1

[Event "Swiss-548.1.06"]
[Site "IECC email"]
[Date "2009.12.11"]
[Round "?"]
[White "Komine, Koki"]
[Black "Urbaniak, Marcin"]
[Result "1/2-1/2"]
[WhiteElo "1116"]
[BlackElo "1656"]
[PlyCount "72"]
[EventDate "2009.??.??"]
[EventType "tourn (corr)"]
[SourceTitle "Telechess CBM 149"]
[Source "ChessBase"]
[SourceDate "2012.07.17"]
[SourceVersion "1"]
[SourceVersionDate "2012.07.17"]
[SourceQuality "1"]
[WhiteTeam "Japan"]
[BlackTeam "Poland"]
[WhiteTeamCountry "JPN"]
[BlackTeamCountry "POL"]

1. e4 e6 2. Nf3 d5 3. Nc3 dxe4 4. Nxe4 Nf6 5. Bd3 Be7 6. b3 0-0 7. Bb2 Nxe4 8. Bxe4 f5 9. Bd3 Bf6 10. Bxf6 Qxf6 11. 0-0 Nc6 12. c3 e5 13. Bc4+ Kh8 14. d3 Be6 15. Qe2 Rae8 16. Bb5 Bd7 17. b4 Nd4 18. cxd4 exd4 19. Qb2 Bxb5 20. Qxd4 Qxd4 21. Nxd4 Bxd3 22. Rfd1 Be4 23. f3 Bd5 24. Nb5 c6 25. Nc7 Rd8 26. Nxd5 cxd5 27. Rac1 Rd7 28. Rc5 d4 29. Kf2 g6 30. Ke2 Re8+ 31. Kd3 Re3+ 32. Kd2 Ra3 33. Rc2 Kg7 34. Re1 Kf6 35. Re8 a6 36. Rec8 b5 1/2-1/2